Santuario de Fauna y Flora Iguaque (Registro nro. 6680)

Detalles MARC
000 -CABECERA
Campo de control 01680nam a2200265 a 4500
005 - FECHA Y HORA DE LA ULTIMA TRANSACCION
Campo de control 20200104041611.0
008 - ELEMENTOS DE LONGITUD FIJA—INFORMACION GENERAL
Campo de control 140130b2007 ck ||||| |||| 00| 0 spa d
040 ## - FUENTE DE CATALOGACIÓN
Agencia catalogadora original CO-BoIAVH
Agencia transcriptora CO-BoIAVH
041 0# - IDIOMA
Código de idioma para texto/pista de sonido o título separado Español
044 ## - PAÍS DE PUBLICACIÓN
País de publicación Colombia
082 04 - NUMERO DE CLASIFICACION DECIMAL DEWEY
Número de clasificación 333.918
Número del ítem P25s
245 ## - MENCION DE TITULO
Título Santuario de Fauna y Flora Iguaque
Parte restante del título resumen ejecutivo. Plan de Manejo 2005-2009
260 ## - PUBLICACION, DISTRIBUCION, ETC. (PIE DE IMPRENTA)
Lugar de publicación, distribución, etc. Bogotá (Colombia):
Nombre del editor, distribuidor, etc. Parques Nacionales Naturales:
-- Instituto de Investigación de Recursos Biológicos Alexander von Humboldt,
Fecha de publicación, distribución, etc. 2007.
300 ## - DESCRIPCION FISICA
Extensión 48 páginas :
Otros detalles físicos ilustraciones y fotografías a color, mapas ;
Dimensiones 21 cm.
504 ## - NOTA DE BIBLIOGRAFIA, ETC.
Nota de bibliografía Incluye referencias bibliográficas (páginas 40-43).
505 ## - NOTA DE CONTENIDO
Nota de contenido Contenido CD: Plan de manejo documento ejecutivo SFF Otún Quimbaya -- Plan de manejo documento ejecutivo SFF El Cocuy -- Plan de manejo documento ejecutivo PNN Pisba -- Plan de manejo documento ejecutivo Tamá - Plan de manejo documento ejecutivo Iguaque -- Plan de manejo Otún Quimbaya 2006 -- Plan de manejo Iguaque 2006 -- Plan de manejo El Cocuy 2006 -- Plan de manejo documento ejecutivo PNN Nevados - Anexo informe final ONF Andina para GEF Andes -- Plan de manejo PNN Pisba 2006 -- Plan de manejo Tamá -- Plan de manejo PNN Nevados -- Informe final ONF Andina para GEF Andes
650 #6 - ASIENTO SECUNDARIO DE MATERIA - TERMINO TEMATICO
Término temático o nombre geográfico como elemento de entrada Páramos
Subdivisión general Plan de manejo
9 (RLIN) 40456
650 #6 - ASIENTO SECUNDARIO DE MATERIA - TERMINO TEMATICO
Término temático o nombre geográfico como elemento de entrada Páramos
Subdivisión general Territorio
9 (RLIN) 40457
650 #6 - ASIENTO SECUNDARIO DE MATERIA - TERMINO TEMATICO
Término temático o nombre geográfico como elemento de entrada Páramos
Subdivisión general Recuperación
9 (RLIN) 40458
650 #6 - ASIENTO SECUNDARIO DE MATERIA - TERMINO TEMATICO
Término temático o nombre geográfico como elemento de entrada Páramos
Subdivisión general Uso
9 (RLIN) 40459
662 ## - ASIENTO SECUNDARIO DE MATERIA - JERARQUIA DEL NOMBRE DE LUGAR(
País o entidad mayor Colombia
Jurisdicción política intermedia Santuario de Fauna y Flora de Iguaque
710 2# - ASIENTO SECUNDARIO - NOMBRE CORPORATIVO
Nombre corporativo o de jurisdicción como elemento de entrada Parques Nacionales Naturales de Colombia
9 (RLIN) 40460
710 2# - ASIENTO SECUNDARIO - NOMBRE CORPORATIVO
Nombre corporativo o de jurisdicción como elemento de entrada Instituto de Investigación de Recursos Biológicos Alexander von Humboldt.
9 (RLIN) 204
942 ## - ELEMENTOS ADICIONALES (KOHA)
Tipo de ítem Libro
Sistema de clasificación Dewey Decimal Classification
Koha issues (borrowed), all copies 1
Existencias
Withdrawn status Lost status Sistema de Clasificación Damaged status No para préstamo Colección Inventariado Ubicación Permanente Ubicación actual Fecha de adquisición Fuente de Valor Valor Total Checkouts Número topográfico Inventario / Código de Barras Date last seen Date checked out Ejemplar Price effective from Forma de adquisición Tipo de material Public note Total Renewals
    Dewey Decimal Classification     Humboldt Inventariado 2017 Bogotá Bogotá 25/11/2008 Instituto 30000.00 1 IAVH-333.918 P25s 026523 16/08/2017 16/08/2017 Ej. 1 04/12/2012 Institucional Libro Incluye CD-ROM no para préstamo (CID-026532).  
    Dewey Decimal Classification     Humboldt Inventariado 2017 Bogotá Bogotá 06/10/2015 Instituto 40000.00   IAVH-333.918 P25s 035236 06/10/2015   Ej. 2 06/10/2015 Institucional Libro Incluye CD-ROM no para préstamo (CID- 035237).  
    Dewey Decimal Classification     Humboldt   Bogotá Bogotá 09/12/2019       LB-333.918 P25s 029417 09/12/2019   Ej.3 09/12/2019 Institucional Libro Incluye CD-ROM no para préstamo (CID-029427).  
    Dewey Decimal Classification     Humboldt   Bogotá Bogotá 09/12/2019       LB-333.918 P25s 029421 09/12/2019   Ej.4 09/12/2019 Institucional Libro    
    Local     Botánica Inventariado 2017 Villa de Leyva Villa de Leyva 25/11/2008 Instituto 30000.00 1 IAVH-01240 026524 11/09/2015 19/02/2015 Ej. 1 04/12/2012 Institucional Libro   2
    Local     Humboldt   Villa de Leyva Villa de Leyva 25/11/2008     1 IAVH-01240 026533 17/03/2015 19/02/2015 Ej. 2 04/12/2012   Libro Santuario Fauna y Flora Iguaque 1